Seis ensayos filosóficos marxistas 1959-1968
Guardado en:
| Autor principal: | |
|---|---|
| Formato: | Libro |
| Lenguaje: | español |
| Publicado: |
Santiago
Andrés Bello
1970
|
| Materias: | |
| Etiquetas: |
Agregar Etiqueta
Sin Etiquetas, Sea el primero en etiquetar este registro!
|
MARC
| LEADER | 00000nam a2200000 a 4500 | ||
|---|---|---|---|
| 001 | UCT6173 | ||
| 003 | CL-VaPUC | ||
| 008 | 970106e19700000CL |||||||||||||||||spa|d | ||
| 082 | 0 | 4 | |a 335.401 |b LIP |2 21 |
| 100 | |a Lipschutz, Alejandro |e autor |9 497930 | ||
| 245 | 1 | 0 | |a Seis ensayos filosóficos marxistas 1959-1968 |
| 300 | |a 208 p | ||
| 942 | |c BK | ||
| 945 | |d 19970106 00:00:00 |a paguirre | ||
| 260 | |a Santiago |b Andrés Bello |c 1970 | ||
| 600 | 0 | |a Darwin Charles |9 398 | |
| 600 | 0 | |a Engels, Friedrich, |d 1820-1895 |9 337012 | |
| 600 | 0 | |a Marx, Karl Heinrich, |d 1818-1883 |9 861123 | |
| 650 | 7 | |a MARXISMO |2 CL-VaPUC |9 376047 | |
| 650 | 0 | |a Ideologías |9 255200 | |
| 650 | 0 | |a Materialismo |9 265687 | |
| 650 | 0 | |a Doctrinas políticas |9 255835 | |
| 650 | 0 | |a Filosofía |9 223554 | |
| 583 | |a last modification |c 19970106 00:00:00 |k Rodrigo Vera | ||
| 999 | |c 254891 |d 254889 | ||
| 952 | |0 0 |1 0 |4 0 |6 335_401000000000000_LIP_1970 |7 0 |8 A |9 276852 |a BIBDER |b BIBDER |d 2019-11-19 |i 1800094 |o 335.401 LIP 1970 |p 1800094 |r 2023-01-25 |w 2019-11-19 |y BK |k DER | ||